| 000 | 00416nam a22001697a 4500 | ||
|---|---|---|---|
| 003 | OSt | ||
| 005 | 20170518093705.0 | ||
| 008 | 160331b xxu||||| |||| 00| 0 eng d | ||
| 040 |
_ammu _beng _cmmu _dmmu |
||
| 050 | _aSD248.5.F67 2000 | ||
| 110 | _aFAO | ||
| 245 |
_aForests,trees and people programme _cFAO |
||
| 260 |
_aRome: _bFAO , _c2000 |
||
| 300 | _aix,326p;ill. | ||
| 650 | _aForest | ||
| 942 |
_2lcc _cREFERENCE |
||
| 999 |
_c6351 _d6351 |
||